El pensamiento socialista en Chile: antología 1893-1933
Guardat en:
| Autors principals: | , |
|---|---|
| Format: | Llibre |
| Idioma: | espanyol |
| Publicat: |
Santiago
Documentos
1987
|
| Matèries: | |
| Etiquetes: |
Afegir etiqueta
Sense etiquetes, Sigues el primer a etiquetar aquest registre!
|
MARC
| LEADER | 00000nam a2200000 a 4500 | ||
|---|---|---|---|
| 001 | UCW8300 | ||
| 003 | CL-VaPUC | ||
| 008 | 880802e19870000CL |||||||||||||||||spa|d | ||
| 082 | 0 | 4 | |a 324.283 |b DEV |2 21 |
| 100 | |a Devés Valdés, Eduardo |e author |9 617183 | ||
| 700 | 0 | |a Díaz Gallardo, Carlos |e author |9 313439 | |
| 245 | 1 | 3 | |a El pensamiento socialista en Chile: antología 1893-1933 |
| 300 | |a 234 p | ||
| 942 | |c BK | ||
| 945 | |d 19880802 00:00:00 | ||
| 260 | |a Santiago |b Documentos |c 1987 | ||
| 650 | 7 | |a SOCIALISMO EN CHILE 1893-1933 |2 CL-VaPUC |9 313440 | |
| 583 | |a last modification |c 19880802 00:00:00 |k Rodrigo Vera | ||
| 999 | |c 220717 |d 220715 | ||
| 952 | |0 0 |1 0 |4 0 |6 324_283000000000000_DEV_1987 |7 0 |8 A |9 213280 |a BIBHIS |b BIBHIS |d 2019-11-15 |i 2816385 |o 324.283 DEV 1987 |p 2816385 |r 2025-01-20 |w 2019-11-15 |y BK |k HIS | ||
| 952 | |0 0 |1 0 |4 0 |6 324_283000000000000_DEV_1987 |7 0 |8 A |9 213281 |a BIBHIS |b BIBHIS |d 2019-11-15 |i 2816393 |o 324.283 DEV 1987 |p 2816393 |r 2025-01-20 |w 2019-11-15 |y BK |k HIS | ||